01323cam a2200253 a 4500001001300000003001100013005001700024008004100041020002200082020002500104040003100129082002000160100004000180245010600220260005100326300002900377520028500406650003600691650004900727942001200776999001700788952013200805952013200937000034826048CaOOAMICUS20090410 .0080514s2009 nyua 000 0 eng  a1428322361 (pbk.) a9781428322363 (pbk.) aCaOPALbengcCaOPALdBTCTA 222a004.03bGRA1 aGraves, Michaelq(Michael W.)9482310aComputer Technology Encyclopedia :bQuick Reference for Students and Professionals /cMichael Graves. aAustralia :bCengage Delmar Learning ,cc2009. a385 p. :bill. ;c24 cm. a"The Computer Technology Encyclopedia is a handy reference for students and professionals. Going beyond basic definitions, this comprehensive reference provides descriptions of computer technology terms, as well as including numerous tables, photos and illustrations."--pub. desc. 0aComputersvEncyclopedias.94824 0aInformation technologyvEncyclopedias.94825 2ddccBB c11550d11550 00102ddc40708AlahramaMAINbMAINcLOWd2009-05-19epurchaseg327.00h376l0o004.03 GRAp000016365r2025-07-15 00:00:00yBB 00102ddc40708AlahramaMAINbMAINcLOWd2009-05-19epurchaseg327.00h376l0o004.03 GRAp000016366r2025-07-15 00:00:00yBB